000
00313nam a22001337a 4500
008
170511b xxu||||| |||| 00| 0 eng d
020
_a
9780534615420
041
_a
eng
080
_a
343.9
100
_a
15
101
_a
shj
245
_a
COMPARATIVE CRIMINAL JUSTICE SYSTEMS
_c
DAMMER.H.R
942
_2
udc
_c
BK
999
_c
13154
_d
13154